Top 10 des meilleures universités mondiales - Statistiques

Statistiques générales
  • Ce quiz a été pris 306 fois
  • Le résultat moyen est 5 sur 10
Statistiques - réponses
Classement Réponses % Correct
1 Harvard
95%
5 Oxford
87%
4 Cambridge
68%
10 Université de Yale
58%
2 Massachusetts Institut de technologie
53%
3 Stanford
51%
6 Université de Princeton
35%
8 Université de Colombia
15%
7 Université de Chicago
13%
9 Université de Pennsylvanie
7%
Aucun quiz correspondant
Distribution des résultats
% des personnes avec chaque résultat
Percentile par nombre de réponses
Votre historique - résultats
Vous n’avez pas pris ce quiz